000 01107cam a2200289 i 4500
001 .b28222295
003 YEEZEN
005 20250711153224.0
008 240619s2023 ch ah e 000 0cchi d
020 _a9789869221733
_q(平裝)
040 _aTWFJU
_bchi
_eccr
_cTWFJU
042 _anbic
090 _a419.333
245 0 0 _a驚蟄 :學術的桂冠 不一樣的江湖 卓越與共好
_b長庚醫院創始的足跡與淬鍊 : 學術的桂冠 不一樣的江湖 卓越與共好 /
_c簡榮南主編
246 1 _i版權頁副題名:
_a長庚醫院創始的足跡與淬鍊 :
_b學術的桂冠.不一樣的江湖.卓越與共好
246 3 0 _a長庚醫院創始的足跡與淬鍊
246 3 0 _a學術的桂冠不一樣的江湖卓越與共好
250 _a初版
260 _a桃園市 :
_b長庚醫療財團法人林口長庚紀念醫院,
_c2023.11
300 _a265面 :
_b部分彩圖, 書影 ;
_c23公分
610 2 7 _a林口長庚紀念醫院
_2lcstt.
650 7 _a口述歷史
_2lcstt.
650 7 _a人物志
_2lcstt.
650 7 _a訪談
_2lcstt.
700 1 _a簡, 榮南
942 _2ccl
_cBOOK
999 _c7657
_d7657